000 00224nam a22001097a 4500
082 _a621.38195855WOO
100 _aWoollons
245 _aMicro Electronic Systems
260 _aLondon
_c1986
300 _a274
942 _cBK
999 _c14692
_d14692